Companhias aéreas - Statistics

Estatísticas Gerais
  • Esse quiz foi jogado 131 vezes
  • A pontuação média é 8 de 15
Estatísticas das Respostas
Imagem Resposta % Correto
Air Canadá
92%
Korean Air
89%
American Airlines
75%
KLM
75%
Emirates
73%
Lufthansa
71%
British Airways
48%
Ryanair
44%
Turkish Airlines
43%
Iberia
42%
Japan Airlines
38%
Quantas
25%
Thai Airways
24%
Swiss International
21%
Southwest
20%
Nenhum quiz correspondente encontrado
Distribuição das Pontuações
Porcentagem de Pessoas com Cada Pontuação
Percentil de Números Respondidos
Sua Pontuação Histórica
Você não jogou esse quiz